Contrato y tributación

Shranjeno v:
Bibliografske podrobnosti
Glavni avtor: Paolinelli Monti, Italo (Author)
Format: Knjiga
Jezik:španščina
Izdano: Valparaíso EDEVAL 1984
Serija:70 Años
Teme:
Oznake: Označite
Brez oznak, prvi označite!

MARC

LEADER 00000nam a2200000 a 4500
001 UCS0265
003 CL-VaPUC
008 970418e19840000CL |||||||||||||||||spa|d
082 0 4 |a 343.04  |b PAO  |2 21 
100 0 |a Paolinelli Monti, Italo  |e author  |9 383517 
245 1 0 |a Contrato y tributación 
300 |a 110 p 
942 |c BK 
945 |d 19970418 00:00:00  |a paguirre 
260 |a Valparaíso  |b EDEVAL  |c 1984 
650 0 |a Derecho tributario  |9 258895 
650 0 |a Impuestos  |9 255450 
650 0 |a Política fiscal  |9 317354 
650 0 |a Obligaciones tributarias  |9 383518 
650 0 |a Contratos  |9 255153 
650 7 |a SISTEMA TRIBUTARIO  |2 CL-VaPUC  |9 383519 
583 |a last modification  |c 19970418 00:00:00  |k Rodrigo Vera 
490 0 |a 70 Años 
999 |c 258504  |d 258502 
952 |0 0  |1 0  |4 0  |6 343_040000000000000_PAO_1984  |7 0  |8 A  |9 282669  |a BIBDER  |b BIBDER  |d 2019-11-19  |i 1833022  |o 343.04 PAO 1984  |p 1833022  |r 2023-01-25  |w 2019-11-19  |y BK  |k DER